00770nam a2200193 a 450000100100000000500170001000800410002702000150006804000130008308200150009610000430011124501050015426001230025930000210038250000310040304900090043495201180044399900150056100000541820200929151655.0090819s1976 es 001 0 spa d a8400035828 aDO-SdBNP axxxbM723e1 aMolino García, María Teresa91538013aLa encomienda en el nuevo Reino de Granada durante el siglo XVIII /cMaría Teresa Molino García. aSevilla :bEscuela de Estudios Hispanoamericanos de Sevilla, Consejo Superior de Investigaciones Científicas,c1976. a224 p. ;c20 cm. aIncluye tabla de contenido aBNPD 001054708MOaGRbGRcCTd2009-08-22iLF1l0oxxx M723ep5418-10r2020-06-25w2020-06-25y4ZPréstamo en sala c5218d5218